30 jeux vidéo à compléter - 2020 - Statistiques

Statistiques générales
  • Ce quiz a été pris 78 fois
  • Le résultat moyen est 19 sur 30
Statistiques - réponses
Hint Réponse % Correct
The Last of ... Part II Us
90%
Call of Duty: ... Warzone
87%
... 2077 Cyberpunk
86%
... Impact Genshin
86%
Animal Crossing: New ... Horizons
86%
Fall ... Guys
84%
Assassin's Creed ... Valhalla
83%
Marvel's Spider-Man: ... Morales Miles
81%
Track... Mania
78%
Microsoft ... Simulator Flight
75%
Ghost of ... Tsushima
75%
Final Fantasy VII: ... Remake
70%
... Warriors : L'Ère du Fléau Hyrule
67%
Doom ... Eternal
65%
... Phone Gartic
63%
Le Donjon de ... : L'Amulette du Désordre Naheulbeuk
62%
Crusader ... III Kings
60%
Paper Mario: The ... King Origami
60%
Crash Bandicoot 4: It's ... Time About
56%
...: Like a Dragon Yakuza
56%
Half-Life: ... Alyx
54%
... of Rage 4 Streets
54%
...'s Playroom Astro
51%
... Hades
51%
There Is No Game: ... Dimension Wrong
44%
The ... Pedestrian
43%
Deep Rock ... Galactic
33%
Ori and the ... of the Wisps Will
30%
... 2 Spelunky
29%
...farer Spirit
29%
Aucun quiz correspondant
Distribution des résultats
% des personnes avec chaque résultat
Percentile par nombre de réponses
Votre historique - résultats
Vous n’avez pas pris ce quiz